| 000 | 01171nam a22003017i 4500 | ||
|---|---|---|---|
| 003 | EG-ScBUE | ||
| 005 | 20221117081036.0 | ||
| 008 | 220731s1997 sy f 000 f ara d | ||
| 020 | _a2843050626 | ||
| 040 |
_aEG-ScBUE _bara _erda _cEG-ScBUE _dEG-ScBUE |
||
| 041 | 1 |
_aara _heng |
|
| 082 | 0 | 4 |
_222 _a823.912 _bأ و ر |
| 100 | 1 |
_aأورويل، جورج، _d1903-1950، _eمؤلف. |
|
| 245 | 1 | 0 |
_aمتشردا في باريس ولندن / _cجورج أورويل ؛ ترجمة سعدي يوسف. |
| 250 | _aالطبعة الأولى. | ||
| 264 | 1 |
_aدمشق ؛ _aبيروت : _bدار المدى للثقافة والنشر، _c1997. |
|
| 300 |
_a232 صفحة ؛ _c24 سم. |
||
| 336 |
_2rdacontent _aنص _btxt |
||
| 337 |
_2rdamedia _aبدون وسيط _bn |
||
| 338 |
_2rdacarrier _aمجلد _bnc |
||
| 490 | 0 |
_aمنشورات المدى ؛ _v49 |
|
| 546 | _aالنص باللغة العربية وتم ترجمته من اللغة الإنجليزية. | ||
| 650 | 7 |
_aالقصص الإنجليزية _yقرن 20. _2BUEsh |
|
| 653 |
_bHHUUEENN _cNovember2022 |
||
| 655 | _vReading book | ||
| 700 | 1 |
_aيوسف، سعدي، _d1934- _eمترجم. |
|
| 942 | _2ddc | ||
| 999 |
_c29980 _d29951 |
||